| 000 | 01115cam a22002535a 4500 | ||
|---|---|---|---|
| 001 | E147793 | ||
| 008 | 090618s2009 xxkao f 000 0 eng d | ||
| 020 | _a9781848060890 | ||
| 035 | _a(Sirsi) u147793 | ||
| 041 | 0 | _aeng | |
| 050 | 0 | 4 | _a690.2 $2 18 |
| 100 | 1 | _aMatthews, Stuart | |
| 245 | 0 | 0 |
_aConcrete structure management _bowners' guide to good practice |
| 260 |
_aGarston _bBRE _c2009 |
||
| 300 |
_a16p. _bill. _c30cm. |
||
| 490 | 0 |
_aBRE Digest _vDG 510 |
|
| 520 | _aSummarises the guidance provided by the International Federation for Structural Concrete publication "Concrete Structure Management: Guide to Ownership and Good Practice". Looks at the costs and impacts of a concrete structure throughout its life, and discusses ways in which such structures can deteriorate, as well as remedies for, and prevention of, such deterioration. Includes a checklist for owners. | ||
| 521 | _aAdvanced | ||
| 590 | _aKA | ||
| 651 | 4 |
_aUnited Kingdom _y |
|
| 690 | _aBUILT ENVIRONMENT-BUILDING MATERIALS-CEMENTITIOUS, CONCRETE AND MINERAL BOUND MATERIALS-CONCRETE | ||
| 700 | 1 | _aJacobs, Josse | |
| 942 | _n0 | ||
| 999 |
_c109722 _d109722 |
||